000 00313nam a22001337a 4500
008 180903b xxu||||| |||| 00| 0 eng d
020 _a9781453077498
041 _aeng
080 _a038
100 _a23
101 _aFJA
245 _aWebster's Thesaurus of the English Language
_cWebster, M
942 _2udc
_cBK
999 _c47478
_d47478